|
|
|
|
| LEADER |
00000nas a2200000 a 4500 |
| 003 |
Ucuenca |
| 005 |
20240113063555.0 |
| 008 |
008010|2007 ec |||||r|||||||||||spa|| |
| 040 |
|
|
|b spa
|
| 041 |
0 |
|
|a spa
|
| 082 |
0 |
|
|a 330.5
|b U48i
|
| 110 |
2 |
|
|a Universidad Católica de Santiago de Guayaquil.
|9 33174
|
| 245 |
|
|
|a Informe Coyuntura económica
|c Universidad Católica de Santiago de Guayaquil
|h imp
|
| 264 |
|
|
|a Guayaquil
|b infocsi
|c Julio 2007
|
| 300 |
|
|
|a 24 páginas:
|b ilu
|c 30 cm
|
| 362 |
|
|
|a Año 11; no. 127 (julio 2007)
|
| 504 |
|
|
|a incl. ref.
|
| 520 |
3 |
|
|a "A partir del mes de julio del 2007 entró en vigencia la denominada "tarifa de la dignidad", luego de que firmara en la Presidencia de la república el cecreto 451-A según el cual se stablece que los sectores más pobres del pís se verán beneficiados con la reducción del costo de la energía eléctrica a 4 centavos de dólar por kilovatio hora consumido KW/h y un cargo de 70 centavos de dólar por concepto de comerciaización"
|
| 650 |
|
|
|a Tarifa de la dignidad
|9 206599
|
| 650 |
|
7 |
|a Economía ecuatoriana
|9 244
|
| 650 |
|
|
|a Informe coyuntura economica
|9 206590
|
| 852 |
|
|
|a UC-CDJBV
|f Donación
|l 1
|m General
|p 20080102
|q 1,00
|r 2
|b 0
|d CDRC
|e CDRC
|g 330.5 U48i TERCER PISO (SECCION REVISTAS)
|z 2008-80-10
|
| 942 |
|
|
|c SER
|
| 999 |
|
|
|c 103974
|d 103974
|